Santiago Calatrava : obra completa /

Salvato in:
Dettagli Bibliografici
Autore principale: Calatrava, Santiago (autor)
Altri autori: Tzonis, Alexander (texto) (texto)
Natura: Libro
Lingua:spagnolo
Pubblicazione: Barcelona, España : Polígrafa, 2004, c2004
Soggetti:
Tags: Aggiungi Tag
Nessun Tag, puoi essere il primo ad aggiungerne!!

MARC

LEADER 00000nam^a2200000^a^4500
001 000182853
005 20250521000000.0
009 20260310102020.898
020 |a 84-343-1058-9 
037 |a Acervo ITESO - Biblioteca 
041 |a ESP 
082 |a 720. 946  |b CAL TZO 
100 |a Calatrava, Santiago  |e (autor) 
245 1 0 |a Santiago Calatrava :  |b obra completa /  |c S. Calatrava ; texto de A. Tzonis ; tr. por Jacobo García. 
264 4 |a Barcelona, España :  |b Polígrafa,  |c 2004, c2004 
300 |a 432 p. 
336 |a texto  |b txt  |2 rdacontenido 
337 |a sin mediación  |b n  |2 rdamedio 
338 |a volumen  |b nc  |2 rdasoporte 
649 |a XX 
650 |a Arquitectos Españoles 
650 |a Artistas Españoles 
650 |a Arquitectura Universalista 
650 |a Arquitectura Moderna 
650 |a Arquitectura Española 
650 |a Arte Moderno 
650 |a Arte Español 
650 |a Calatrava, Santiago 
700 |a Tzonis, Alexander  |e (texto) 
910 |a Fondo General 
920 |a Impresos - Libros 
930 |a Reserva Especial 
905 |a 103 
901 |a 0500122544  |b IT1  |c REE  |u 20250521 
902 |a https://opac.biblio.iteso.mx/vufind/Record/000182853